| 000 | 00515nam a2200193 4500 | ||
|---|---|---|---|
| 003 | SEACOMEC | ||
| 005 | 20231229125509.0 | ||
| 008 | 231229b |||||||| |||| 00| 0 eng d | ||
| 020 | _cRs.295.00 | ||
| 040 | _aSEACOMEC | ||
| 082 |
_a621.381 _bC492 |
||
| 100 | _aChattapadhyay,D. | ||
| 245 | 1 |
_aElectronics:Fundamentals and applications _cD. Chattapadhyay,P.C. Rakshit |
|
| 250 | _arev.7th ed. | ||
| 260 |
_aNew Delhi _bNew Age _c2006 |
||
| 650 | _aTechnology,Electronics | ||
| 700 | _aRakshit,P.C. | ||
| 942 | _cBOOK | ||
| 999 |
_c367 _d367 |
||